| 000 | 01429cad a22002415a 4500 | ||
|---|---|---|---|
| 001 | L153692 | ||
| 008 | 110817s2011 xxk f 000 0 eng d | ||
| 035 | _a(Sirsi) u153692 | ||
| 041 | 0 | _aeng | |
| 050 | 0 | 4 | _a333.33 $2 18 |
| 110 | 2 |
_aKnight Frank _91530 |
|
| 245 | 0 | 0 | _a2011 European logistics and industrial market report |
| 260 | _c2011 | ||
| 490 | 0 |
_aKnight Frank European Logistics and Industrial Market Report _v2011 |
|
| 520 | _aPrime logistics rents have stabilised in most European markets. Speculative development remains at a very low level across Europe with the lack of recent construction completions leading to a growing shortage of high quality in many locations. Investment volumes in the sector have increased since 2009 with investor interest focused mainly on prime assets in core European markets such as the UK and Germany. Provides a market overview, European logistics map, investment market data and occupier market snapshots. | ||
| 590 | _aKA NTK | ||
| 650 | 2 | 4 | _aKNIGHT FRANK EUROPEAN LOGISTICS AND INDUSTRIAL MARKET REPORT |
| 651 | 4 | _aEurope | |
| 690 | _aPROPERTY-COMMERCIAL PROPERTY-COMMERCIAL PROPERTY FINANCE AND INVESTMENT | ||
| 690 | _aPROPERTY-COMMERCIAL PROPERTY-COMMERCIAL PROPERTY MARKET | ||
| 856 | 4 | 0 |
_uhttps://my.knightfrank.com/research/?regionid=6 _zView the report free of charge (highlight Europe and Commercial links on left of screen) at www.knightfrank.com |
| 942 | _n0 | ||
| 999 |
_c112649 _d112649 |
||